=LDR 00000nam 2200000 4500 =001 INLIS000000000038090 =005 20130612143800 =008 ***********************************ind** =035 ##$$0010-061300000038090 =041 ##$$a ind =082 ##$$a 641.3 =100 ##$$a apriadji, wied harry =245 ##$$a good mood food: makanan sehat alami =260 ##$$a 2007 $b jakarta =300 ##$$a 102 hlm =850 ##$$a NBPNMAT